| 000 | 00644nam a2200193 a 4500 | ||
|---|---|---|---|
| 001 | 000020607 | ||
| 005 | 20200930011131.0 | ||
| 008 | 100811s2017 dr r 000 0 spa d | ||
| 020 | _a9789945089387 | ||
| 040 |
_aDO-SdBNP _bspa _cBNPHU |
||
| 082 |
_axxxx _bG195v |
||
| 245 | 0 | 0 |
_aGanarse la vida para siempre : _bantología poética, xxv maratón de poésia del teatro de la luna / _ceditor Rei Berroa. |
| 260 |
_aSanto Domingo : _bTeatro de la luna, _c2017. |
||
| 300 |
_a347 p. ; _c22 cm. |
||
| 490 | 1 |
_aLibros de la luna _v12 |
|
| 590 | _aInventariado, 20250/BT | ||
| 700 | 1 |
_aBerroa, Rei, _eed. _9319 |
|
| 830 | 0 |
_aLibros de la Luna _n12 _943334 |
|
| 999 |
_c20111 _d20111 |
||